[Event "9th A. Margaryan Memorial 2019"]
[Site "Yerevan"]
[Date "2019.01.11"]
[Round "4"]
[White "Mikaelyan, Arman"]
[Black "Gholami, Aryan"]
[Result "0-1"]
[WhiteElo "2474"]
[BlackElo "2488"]
[Annotator "TA"]
[PlyCount "160"]
[EventDate "2019.01.08"]
[EventType "tourn"]
[EventCountry "ARM"]
[SourceTitle "playchess.com"]
[Source "ChessBase"]
[SourceQuality "1"]

{[%evp 16,160,37,31,27,41,25,36,38,19,26,14,63,49,55,60,169,171,172,172,190,118,114,16,24,-45,-45,-56,-47,-65,-54,-74,-83,-69,-67,-70,-31,-31,0,-77,-70,-89,-87,-202,-138,-127,-132,-136,-119,-220,-198,-397,-385,-394,-385,-425,-419,-423,-268,-386,-405,-452,-172,-162,-104,-279,-280,-287,-270,-329,-318,-491,-381,-372,-380,-375,-354,-364,-370,-350,-356,-327,-304,-298,-290,-404,-407,-440,-437,-426,-337,-337,0,-434,-431,-412,-390,-491,-487,-492,-476,-556,-519,-557,-569,-527,-449,-467,-463,-448,-447,-652,-625,-643,-654,-1346,-1025,-29945,-6173,-6173,-29941,-2120,-566,-1894,-2379,-1525,-1047,-972,-592,-862,-850,-29970,-29971,-29972,-29973,-29983,-29984,-29984,-29985,-29986,-29987,-29988,-29989,-29989,-29984,-29987,-29988]} 1. d4 Nf6 2. Bg5 d5 3. e3 c5 4. Bxf6 gxf6 5. dxc5 e6 6. c4 {D00: 1 d4 d5: Unusual lines} (6. Nf3 Bxc5 7. Be2 Nc6 8. O-O O-O 9. c4 dxc4 10. Qa4 Qe7 11. Qxc4 b6 12. Nc3 Bb7 13. Qh4 Nb4 14. Rfd1 Rfd8 15. a3 Nd5 16. Nxd5 Rxd5 17. b4 Bd6 18. e4 Rxd1+ 19. Rxd1 Kg7 20. e5 {½-½ (20) Shimanov,A (2626)-Lenderman,A (2626) Saint Louis 2018}) 6... dxc4 7. Nd2 Bxc5 8. Bxc4 Nc6 9. Ngf3 {LiveBook: 4 Games} Be7 10. O-O O-O 11. Qe2 Qb6 $146 ({Predecessor:} 11... a6 12. Rac1 Bd7 13. Rfd1 b5 {1-0 (48) Lizak,P (2404)-Havasi,G (2336) Budapest 2014}) 12. Ne4 Bd7 13. a3 Rfd8 14. b4 Rac8 15. Rac1 Be8 (15... f5 $14 16. Ng3 Bf6) 16. Qb2 $18 Kg7 17. Ng3 Kh6 18. Nh4 ({White should play} 18. h3 $18) 18... Bd7 $16 19. Rcd1 ({Better is} 19. e4 $1 $16) 19... Ne5 $11 20. Ba2 (20. Be2 $11) 20... Kg7 $15 21. Bb1 Bb5 22. Rxd8 Qxd8 23. Re1 Nd3 24. Bxd3 Qxd3 25. Nf3 Rc2 26. Qd4 Qc3 $40 {[%mdl 128] Black has some attack.} 27. h4 (27. Qg4+ $11 {keeps the balance.} Kf8 28. Ne4) 27... Bc6 $1 $17 (27... Qxa3 $6 28. Nh5+ Kf8 29. Nxf6 $11) 28. Qg4+ Kf8 29. e4 (29. Rf1 $17 {was worth a try.}) 29... Rc1 (29... Qxa3 30. Nh5 $11) 30. Rxc1 Qxc1+ 31. Kh2 Bd6 (31... Qxa3 32. Nh5 $15) 32. b5 (32. e5 $17 {was called for.} fxe5 33. Ng5) 32... Bxb5 $19 33. e5 $2 (33. Qh5 {only move.} Bc6 34. Qxh7) 33... fxe5 34. Ng5 Qf4 35. Nxh7+ Ke7 36. Qg7 Qxh4+ 37. Kg1 Bd3 38. Ng5 Bg6 $2 (38... Qf4 39. Nh3 Qc1+ 40. Kh2 e4) 39. N3e4 Bc7 ({And not} 39... Bxa3 40. Qxe5 Bxe4 41. Nxe4 $11) (39... Qf4 $19 40. g3 Qc1+ 41. Kh2 Qc7 42. Qf6+ Kd7 43. Nxd6 Kxd6) 40. g3 $2 {[#]} (40. Qf6+ $17 Ke8 41. g3) 40... Qh5 $1 41. Qf6+ {[#]} Kd7 $1 42. f3 Bd8 43. g4 (43. Nxf7 $142 Bxf7 44. g4) 43... Qh4 ({Inferior is} 43... Bxf6 44. Nxf6+ Ke7 45. gxh5 $16 (45. Nxh5 a5 $14)) 44. Qxe5 Qe1+ 45. Kg2 Qe2+ 46. Kg1 Bxe4 47. Nxe4 Qxf3 48. Qd4+ Ke7 49. Qb4+ Ke8 50. Qxb7 {aiming for Nd6+.} Qxg4+ 51. Kh2 Qh5+ 52. Kg3 Qh4+ 53. Kg2 {Threatening mate with Nd6+.} Qg4+ 54. Kh2 $1 {Nd6+ would kill now.} Qe2+ 55. Kg3 {White threatens Nd6+ and mate.} Qd3+ 56. Kh2 Qxa3 57. Qc6+ Ke7 58. Qb7+ Kf8 59. Qb8 Qe7 60. Kg2 Qc7 61. Qb4+ Be7 62. Qd4 {[%cal Rd4h8]} Kg8 63. Ng3 (63. Kf3 $142) 63... Qc5 64. Qa4 a5 65. Kh3 Bd6 66. Ne4 Qh5+ (66... Qe3+ $142 67. Kg2 Qe2+ 68. Kg1 Bh2+ 69. Kh1 Be5 70. Kg1 Qe3+ 71. Kg2 Bd4 72. Ng3 Qf2+ 73. Kh3 Be5 74. Nh5 Qh2+ 75. Kg4 Kh7 76. Kf3 Qxh5+ 77. Ke3 Kg7 78. Qe4 Qh2 79. Qc4 Qg1+ 80. Ke2 Qd4 81. Qb3 Qb2+ 82. Qxb2 Bxb2 83. Kd2 a4 84. Kd1 a3 85. Kc2 f5 86. Kb3 f4 87. Kc2 f3 88. Kd2 Bd4 89. Kd3 f2 90. Kc4 a2 91. Kxd4 a1=Q+ 92. Kc5 f1=Q 93. Kc6 Qd4 94. Kb7 Qb5+ 95. Kc8 Qdd7#) 67. Kg2 Qe2+ 68. Kg1 Bh2+ 69. Kh1 Be5 {[%csl Ge5][%cal Re2h2]} 70. Kg1 Kg7 71. Nf2 Qe1+ 72. Kg2 Qb4 73. Qd7 a4 {[%cal Ba5a4,Ba4a3,Ba3a2][%mdl 32] Black mates.} 74. Qd8 Qf4 75. Qa5 Qg3+ 76. Kf1 Bd4 {[%csl Gd4][%cal Rg3f2]} 77. Nd1 a3 78. Qa4 e5 79. Qa8 Qg1+ 80. Ke2 {[#]} a2 $1 {Accuracy: White = 40%, Black = 77%.} 0-1

[Event "9th A. Margaryan Memorial 2019"]
[Site "Yerevan"]
[Date "2019.01.11"]
[Round "4"]
[White "Davtyan, Artur"]
[Black "Petriashvili, Nikoloz"]
[Result "1/2-1/2"]
[WhiteElo "2396"]
[BlackElo "2479"]
[Annotator "TA"]
[PlyCount "75"]
[EventDate "2019.01.08"]
[EventType "tourn"]
[EventCountry "ARM"]
[SourceTitle "playchess.com"]
[Source "ChessBase"]
[SourceQuality "1"]

{[%evp 19,75,14,17,20,27,22,37,26,20,20,59,60,71,55,66,51,48,40,54,53,76,42,55,0,0,0,0,0,14,14,16,8,14,0,9,0,18,0,0,0,0,-7,0,0,0,-8,0,0,0,-29,0,0,0,-20,0,0,0,-24]} 1. d4 d5 2. c4 c6 3. Nf3 Nf6 4. e3 Bg4 5. h3 Bxf3 6. Qxf3 e6 7. Nc3 Bb4 8. Bd3 Nbd7 9. O-O {D11: Slav Defence: 3 Nf3 sidelines and 3...Nf6 4 e3 Bg4} O-O 10. Rd1 Qe7 {LiveBook: 7 Games} 11. Qe2 dxc4 12. Bxc4 e5 13. a3 $146 ({Predecessor:} 13. d5 Bxc3 14. dxc6 Bxb2 15. Bxb2 bxc6 16. Rac1 c5 {1-0 (59) Ivanchuk,V (2787)-Dreev,A (2607) Moscow 2007}) 13... Bd6 14. d5 cxd5 15. Bxd5 Nxd5 16. Nxd5 Qe6 17. Bd2 Rac8 18. Bb4 Bxb4 19. axb4 Nb6 20. Qb5 Rfd8 {[%cal Rd8d5]} 21. Nxb6 (21. e4 $14) 21... axb6 $11 22. Rxd8+ Rxd8 $14 {[%mdl 4096] Endgame KQR-KQR} 23. Ra7 Rb8 24. Qa4 Qc8 25. Qd1 Qc7 $1 26. Qd5 g6 27. g3 Kg7 28. Kg2 h5 29. h4 Qe7 30. Kg1 Kf6 31. Qf3+ Kg7 32. Qd5 Kf6 33. Qf3+ Kg7 34. Qd5 Kf6 (34... Rd8 $5 {[%cal Rd8d5]} 35. Rxb7 (35. Qxb7 Qf6 $15) 35... Rxd5 36. Rxe7 Rb5 $15) 35. Qf3+ {The position is equal.} Kg7 36. Qd5 Kf6 37. Qf3+ Kg7 38. Qd5 {Accuracy: White = 45%, Black = 43%.} 1/2-1/2

[Event "9th A. Margaryan Memorial 2019"]
[Site "Yerevan"]
[Date "2019.01.11"]
[Round "4"]
[White "Barseghyan, Armen Ar."]
[Black "Sychev, Klementy"]
[Result "0-1"]
[WhiteElo "2380"]
[BlackElo "2537"]
[Annotator "TA"]
[PlyCount "146"]
[EventDate "2019.01.08"]
[EventType "tourn"]
[EventCountry "ARM"]
[SourceTitle "playchess.com"]
[Source "ChessBase"]
[SourceQuality "1"]

{[%evp 18,146,-9,-6,35,29,29,25,35,36,85,81,97,88,92,103,100,109,103,89,99,98,135,81,102,101,108,115,97,63,102,-20,33,19,51,19,47,0,18,29,58,49,34,-39,-65,-249,-219,-239,-229,-203,-107,-120,-112,-124,-120,-159,-157,-156,-150,-160,-62,-76,27,-149,-142,-151,-147,-156,-162,-154,-162,-351,-357,-342,-225,-941,-889,-29968,-29965,-29964,-5920,-29978,-29979,-29976,-29968,-29971,-29971,-29993,-29979,-29979,-29977,-29987,-29987,-29986,-29985,-29993,-29982,-29981,-29982,-29981,-29972,-29985,-29984,-29989,-29990,-29990,-29986,-29986,-29987,-29986,-29983,-29983,-29984,-29983,-29985,-29987,-29988,-29988,-29985,-29985,-29986,-29986,-29985,-29985,-29986,-29985,-29986,-29992,-29991,-29997,-29998]} 1. e4 c5 2. Nc3 d6 3. f4 g6 4. Nf3 Bg7 5. Bc4 Nc6 6. O-O e6 7. d4 {B23: Closed Sicilian: Lines without g3} cxd4 8. Nb5 Nge7 9. Bb3 O-O 10. Nbxd4 {LiveBook: 7 Games} b6 $146 ({Predecessor:} 10... Nxd4 11. Nxd4 a6 12. c3 b5 13. Be3 Qc7 14. Qd2 e5 15. fxe5 dxe5 {½-½ (50) Grischuk,A (2767)-Nepomniachtchi,I (2751) Moscow 2018}) 11. c3 Ba6 12. Rf2 Nxd4 13. Nxd4 d5 14. f5 exf5 15. exf5 {f6 is the strong threat.} Qd6 16. Bf4 Qd7 17. Ba4 b5 18. Bc2 Nc6 19. Nb3 {Threatens to win with Nc5.} Qd8 20. Qd2 (20. Nc5 $142 Bc8 21. fxg6 hxg6 22. Bb3) 20... Ne5 21. Bg5 Qd6 22. f6 Bh8 23. Qd4 Rfe8 24. Bh4 (24. a3 $16) 24... Nc6 (24... Rac8 $1 $11 25. Nd2 (25. Qxa7 b4 $15) 25... b4) 25. Qc5 Rad8 26. Bg3 Qe6 27. Rf3 Bxf6 28. Re1 Qxe1+ 29. Bxe1 Rxe1+ 30. Kf2 ({Better is} 30. Rf1 $1 $14 Rxf1+ 31. Kxf1 b4+ 32. Kg1) 30... Re6 $15 {White must now prevent ...Be7.} 31. Kg3 $2 (31. Rxf6 $1 $15 Rxf6+ 32. Kg3) 31... Be5+ 32. Kh3 Bc8 $1 33. g4 h5 (33... Bd6 $19 34. Qxd5 (34. Qxb5 Ne5 $17) (34. Qxc6 $2 Re2 $19 {[%mdl 64] Double Attack}) 34... Ne5) 34. Kg2 $17 hxg4 35. Rf2 a6 36. Nd4 Nxd4 37. cxd4 {[#]} Bd6 $1 {[%cal Rd6c5]} 38. Qc3 Bb7 (38... Kg7 $17 {Strongly threatening ...Rde8.} 39. Bd1 f5) 39. Qd2 Kg7 (39... Rf8 $17 40. Qg5 Kg7) 40. Qg5 $2 ({White has to play} 40. Bf5 $1 $11 Rf6 41. Bxg4) 40... Rh8 41. Kf1 Bc8 42. Bf5 {[#]} Be7 $1 {[%cal Re7g5]} 43. Qxg4 {[#]} Re4 $1 $36 {[%cal Re4g4][%mdl 2560] White is under strong pressure.} 44. Qg2 $2 (44. Bxc8 Rxg4 45. Bxg4) (44. Bxe4 Bxg4) 44... Bxf5 $19 45. Rxf5 Rc8 ({Not} 45... Rxd4 46. Qf2 $11) 46. Qg3 $2 (46. Kg1) 46... Bh4 47. Rxf7+ Kxf7 48. Qd6 Rce8 49. Qxd5+ Kg7 {Black mates.} 50. Kg2 Bf6 51. Qb7+ R8e7 52. Qxa6 Bxd4 53. Qc6 b4 54. b3 Re2+ 55. Kf3 Rxh2 56. Qd5 Bf6 57. Qd6 Rh3+ 58. Kg2 Rh4 59. a3 Rd4 60. Qa6 Rd2+ 61. Kf3 Rb2 62. axb4 Rxb3+ {[%mdl 64] Double Attack} 63. Kg2 Rxb4 64. Qa3 Rb2+ 65. Kf3 Rc7 66. Qa5 Rc3+ 67. Kf4 Rc4+ 68. Ke3 Rb3+ 69. Ke2 Re4+ 70. Kf1 Rb2 71. Qc7+ Re7 72. Qa5 Bd4 73. Qe5+ Bxe5 {Accuracy: White = 37%, Black = 60%.} 0-1

[Event "9th A. Margaryan Memorial 2019"]
[Site "Yerevan"]
[Date "2019.01.11"]
[Round "4"]
[White "Sargsyan, Anna M."]
[Black "Sargsyan, Tigran R."]
[Result "0-1"]
[WhiteElo "2339"]
[BlackElo "2332"]
[Annotator "TA"]
[PlyCount "68"]
[EventDate "2019.01.08"]
[EventType "tourn"]
[EventCountry "ARM"]
[SourceTitle "playchess.com"]
[Source "ChessBase"]
[SourceQuality "1"]

{[%evp 19,68,0,3,-38,9,-96,-91,-86,-103,-135,-136,-169,-170,-172,-167,-168,-162,-197,-170,-212,-195,-207,-174,-195,-164,-132,-103,-99,-100,-134,-141,-125,-97,-116,-9,-15,-10,-79,-70,-64,-28,-159,-135,-347,-118,-731,-716,-911,-889,-29974,-29969]} 1. d4 d5 2. c4 c6 3. Nf3 Nf6 4. Nc3 a6 5. cxd5 cxd5 6. Bf4 Nc6 7. Rc1 Bf5 8. e3 e6 9. Qb3 Bd6 {D13: Slav Defence: Exchange variation without ...Bf5} (9... Ra7 10. Be2 Be7 11. O-O O-O 12. Na4 Nd7 13. a3 Bg4 14. h3 Bxf3 15. Bxf3 Na5 16. Qa2 Nc4 17. Be2 {0-1 (50) Akobian,V (2647)-Karjakin,S (2760) Riadh 2017}) 10. Bxd6 Qxd6 {LiveBook: 10 Games} 11. Nh4 O-O {Black is slightly better.} (11... Nxd4 $5 12. exd4 Qf4 $15 {[%mdl 64] Double Attack}) 12. Be2 $146 {[#]} ({Don't go for} 12. Qxb7 $2 Na5 $19) (12. Nxf5 $11 {keeps the balance.} exf5 13. g3) ({Predecessor:} 12. Nxf5 exf5 13. g3 Rfe8 14. Be2 f4 15. gxf4 Nxd4 16. exd4 Qxf4 17. Rc2 {½-½ (67) Brattain,M (2352)-Paragua,M (2487) ICC INT 2014}) 12... Nxd4 $1 $17 {[%mdl 576] Deflection} 13. exd4 Qf4 $1 {[%csl LRc1,LRd4,LRh4][%mdl 64] Double Attack} 14. Rd1 Qxh4 15. Qxb7 Rab8 16. Qxa6 Rxb2 {Threatens to win with ...Rc2.} 17. O-O Rc2 18. Nb1 Bg4 19. f3 Bf5 20. Rf2 Qf4 {Strongly threatening ...Rb2.} 21. Qa3 Rfc8 22. g3 Qg5 23. Ba6 Rxf2 24. Kxf2 Rc2+ 25. Be2 {Intending Qa8+ and mate.} h5 26. h4 {[#]} Qh6 ({Black should try} 26... Rxe2+ $1 $17 {[%mdl 512]} 27. Kxe2 Qxg3) 27. Qb3 $1 $11 g5 {Hoping for ...gxh4.} 28. Qe3 (28. Na3 $11 {remains equal.} Rc6 29. Qe3) 28... Nh7 $36 {[%cal Bf6h7,Bh7g5,Bg5f3][%mdl 2080] Black fights for an advantage.} ({Not} 28... Rxa2 $2 29. hxg5 Qg6 30. Nc3 $18) 29. a4 Qf6 30. hxg5 (30. Na3 $11 Rb2 31. Qc3) 30... Nxg5 31. Nc3 $2 {[#]} (31. Rd2 $17) 31... Bg4 $2 (31... h4 $1 $19 {[%cal Rh4g3][%mdl 512] and Black stays clearly on top. And now ...hxg3+ would win.} 32. f4 (32. gxh4 Nh3+) 32... Nh3+ 33. Ke1 Qg6) 32. Kg1 $2 {[%mdl 8192]} (32. Rc1 $17 Rxc1 33. Qxc1) 32... Nxf3+ $19 33. Kh1 h4 {[%cal Bh5h4,Bh4g3][%mdl 32]} 34. Rf1 hxg3 {Accuracy: White = 20%, Black = 47%.} 0-1

[Event "9th A. Margaryan Memorial 2019"]
[Site "Yerevan"]
[Date "2019.01.12"]
[Round "5"]
[White "Sychev, Klementy"]
[Black "Davtyan, Artur"]
[Result "1/2-1/2"]
[WhiteElo "2537"]
[BlackElo "2396"]
[Annotator "ChessBase"]
[PlyCount "172"]
[EventDate "2019.01.08"]
[EventType "tourn"]
[EventCountry "ARM"]
[SourceTitle "playchess.com"]
[Source "ChessBase"]
[SourceQuality "1"]
[TimeControl "40/5400+30:1800+30"]

1. Nf3 {[%emt 0:00:00]} Nf6 {[%emt 0:00:53]} 2. c4 {[%emt 0:00:00]} e6 {[%emt 0:00:05]} 3. b3 {[%emt 0:00:01]} d5 {[%emt 0:00:35]} 4. Bb2 {[%emt 0:00:04]} c5 {[%emt 0:00:02]} 5. e3 {[%emt 0:01:16]} Nc6 {[%emt 0:00:31]} 6. cxd5 {[%emt 0:03:13]} exd5 {[%emt 0:00:15]} 7. Bb5 {[%emt 0:00:12]} Bd6 {[%emt 0:02:19]} 8. O-O {[%emt 0:00:15]} O-O {[%emt 0:00:51]} 9. d4 {[%emt 0:00:03]} cxd4 {[%emt 0:11:52]} 10. Nxd4 {[%emt 0:00:07]} Qe7 {[%emt 0:00:12]} 11. Nf3 {[%emt 0:19:09]} Bg4 {[%emt 0:00:56]} 12. Nbd2 {[%emt 0:09:23]} Ne4 {[%emt 0:13:50]} 13. Bxc6 {[%emt 0:12:10]} bxc6 {[%emt 0:06:58]} 14. Nxe4 {[%emt 0:00:50]} Qxe4 {[%emt 0:02:20]} 15. Qd4 {[%emt 0:03:08]} Qxd4 {[%emt 0:00:32]} 16. Nxd4 {[%emt 0:00:50]} Bd7 {[%emt 0:00:54]} 17. Rac1 {[%emt 0:02:18]} Rfc8 {[%emt 0:09:12]} 18. Ne2 {[%emt 0:02:44]} c5 {[%emt 0:13:23]} 19. Rfd1 {[%emt 0:02:45]} Be6 {[%emt 0:00:24]} 20. Nc3 {[%emt 0:19:47]} Be5 {[%emt 0:01:18]} 21. Na4 {[%emt 0:01:28]} Bxb2 {[%emt 0:02:10]} 22. Nxb2 {[%emt 0:00:04]} Rab8 {[%emt 0:09:37]} 23. Na4 {[%emt 0:01:05]} c4 {[%emt 0:01:05]} 24. bxc4 {[%emt 0:00:14]} dxc4 {[%emt 0:00:55]} 25. Nc3 {[%emt 0:01:29]} Rb2 {[%emt 0:03:05]} 26. Rb1 {[%emt 0:00:26]} Rc2 {[%emt 0:02:04]} 27. Rbc1 {[%emt 0:00:59]} Rb2 {[%emt 0:00:01]} 28. Rb1 {[%emt 0:00:16]} Rc2 {[%emt 0:00:02]} 29. Rdc1 {[%emt 0:00:13]} Rd2 {[%emt 0:00:16]} 30. Kf1 {[%emt 0:02:26]} h6 {[%emt 0:11:47]} 31. Ke1 {[%emt 0:00:25]} Rd3 {[%emt 0:00:01]} 32. Rb7 {[%emt 0:03:10]} a6 {[%emt 0:04:56]} 33. Rb6 {[%emt 0:00:06]} Ra8 {[%emt 0:00:05]} 34. h3 {[%emt 0:04:03]} Kf8 {[%emt 0:00:14]} 35. Rc2 {[%emt 0:09:15]} Ra7 {[%emt 0:00:01]} 36. Ne2 {[%emt 0:00:36]} Rd8 {[%emt 0:03:47]} 37. Nf4 {[%emt 0:00:44]} Bf5 {[%emt 0:00:08]} 38. Rxc4 {[%emt 0:00:15]} Rad7 {[%emt 0:00:22]} 39. g4 {[%emt 0:01:36]} Rd1+ {[%emt 0:00:20]} 40. Ke2 {[%emt 0:00:00]} Bb1 {[%emt 0:00:00]} 41. Rcb4 {[%emt 0:19:17]} Bxa2 {[%emt 0:13:09]} 42. Rxa6 {[%emt 0:00:06]} R1d2+ {[%emt 0:05:40]} 43. Kf3 {[%emt 0:00:21]} g5 {[%emt 0:00:28]} 44. Nh5 {[%emt 0:06:47]} Be6 {[%emt 0:01:57]} 45. Rab6 {[%emt 0:00:41]} Bd5+ {[%emt 0:06:30]} 46. Kg3 {[%emt 0:00:21]} Rc8 {[%emt 0:02:12]} 47. Rb8 {[%emt 0:02:19]} Rxb8 {[%emt 0:00:26]} 48. Rxb8+ {[%emt 0:00:05]} Ke7 {[%emt 0:00:02]} 49. Ng7 {[%emt 0:02:00]} Kf6 {[%emt 0:01:58]} 50. Nh5+ {[%emt 0:02:36]} Ke7 {[%emt 0:00:00]} 51. Rb1 {[%emt 0:01:07]} Be4 {[%emt 0:00:21]} 52. Rb4 {[%emt 0:00:33]} Bg6 {[%emt 0:03:57]} 53. Rb7+ {[%emt 0:00:27]} Rd7 {[%emt 0:00:06]} 54. Rxd7+ {[%emt 0:00:55]} Kxd7 {[%emt 0:00:02]} 55. h4 {[%emt 0:02:01]} Ke7 {[%emt 0:00:57]} 56. hxg5 {[%emt 0:00:24]} hxg5 {[%emt 0:00:02]} 57. Kf3 {[%emt 0:00:19]} Ke6 {[%emt 0:00:37]} 58. Ng3 {[%emt 0:00:12]} Ke5 {[%emt 0:00:04]} 59. Nf1 {[%emt 0:00:28]} Bd3 {[%emt 0:01:40]} 60. Nd2 {[%emt 0:00:07]} f6 {[%emt 0:00:51]} 61. Nb3 {[%emt 0:00:09]} Bc2 {[%emt 0:00:10]} 62. Nd4 {[%emt 0:00:18]} Bd1+ {[%emt 0:00:01]} 63. Kg3 {[%emt 0:00:05]} Ke4 {[%emt 0:00:08]} 64. Nf5 {[%emt 0:00:11]} Ke5 {[%emt 0:00:20]} 65. f3 {[%emt 0:00:19]} Bc2 {[%emt 0:00:34]} 66. Nd4 {[%emt 0:00:05]} Ba4 {[%emt 0:00:08]} 67. Kf2 {[%emt 0:00:03]} Bd7 {[%emt 0:00:44]} 68. Ke2 {[%emt 0:00:06]} Bc8 {[%emt 0:00:38]} 69. Kd2 {[%emt 0:00:22]} Ba6 {[%emt 0:00:05]} 70. Nc6+ {[%emt 0:00:35]} Kd6 {[%emt 0:00:06]} 71. Nb4 {[%emt 0:00:09]} Bb5 {[%emt 0:00:55]} 72. Nd3 {[%emt 0:02:59]} Ba6 {[%emt 0:00:28]} 73. Kc3 {[%emt 0:00:31]} Bb7 {[%emt 0:00:14]} 74. e4 {[%emt 0:01:36]} Ba6 {[%emt 0:00:00]} 75. Kd4 {[%emt 0:00:40]} Bxd3 {[%emt 0:01:24]} 76. Kxd3 {[%emt 0:00:10]} Ke5 {[%emt 0:00:36]} 77. Ke3 {[%emt 0:00:05]} Ke6 {[%emt 0:00:05]} 78. f4 {[%emt 0:00:22]} gxf4+ {[%emt 0:00:06]} 79. Kxf4 {[%emt 0:00:02]} Ke7 {[%emt 0:00:33]} 80. Ke3 {[%emt 0:00:34]} Ke6 {[%emt 0:00:28]} 81. Kf2 {[%emt 0:00:08]} Ke5 {[%emt 0:00:05]} 82. Kf3 {[%emt 0:00:03]} Ke6 {[%emt 0:00:04]} 83. Kg3 {[%emt 0:00:07]} Ke5 {[%emt 0:00:02]} 84. Kf3 {[%emt 0:00:03]} Ke6 {[%emt 0:00:02]} 85. Kf4 {[%emt 0:00:05]} Ke7 {[%emt 0:00:03]} 86. e5 {[%emt 0:00:09]} Ke6 {[%emt 0:00:01]} 1/2-1/2

[Event "9th A. Margaryan Memorial 2019"]
[Site "Yerevan"]
[Date "2019.01.12"]
[Round "5"]
[White "Babujian, Levon"]
[Black "Sargsyan, Anna M."]
[Result "1/2-1/2"]
[WhiteElo "2488"]
[BlackElo "2339"]
[Annotator "ChessBase"]
[PlyCount "66"]
[EventDate "2019.01.08"]
[EventType "tourn"]
[EventCountry "ARM"]
[SourceTitle "playchess.com"]
[Source "ChessBase"]
[SourceQuality "1"]
[TimeControl "40/5400+30:1800+30"]

1. d4 d5 2. c4 c6 3. Nc3 Nf6 4. Nf3 dxc4 5. a4 Bf5 6. e3 e6 7. Bxc4 Bb4 8. O-O Nbd7 9. Nh4 O-O 10. f3 Bg6 11. Nxg6 hxg6 12. e4 e5 13. Be3 Qa5 14. Na2 Nb6 15. Bb3 exd4 16. Qxd4 c5 17. Qd3 Rad8 18. Qc2 Bd2 19. Bf2 Rc8 20. Rfd1 Rfd8 21. Nc3 c4 22. Rxd2 Rxd2 23. Qxd2 cxb3 24. Qd1 Rxc3 25. bxc3 b2 26. Qd8+ Kh7 27. Rf1 Nfd7 28. h3 Qa6 29. Rb1 Qxa4 30. Bxb6 Nxb6 31. Kh2 Qc2 32. Qh4+ Kg8 33. Qd8+ Kh7 1/2-1/2

[Event "9th A. Margaryan Memorial 2019"]
[Site "Yerevan"]
[Date "2019.01.12"]
[Round "5"]
[White "Gholami, Aryan"]
[Black "Sturua, Zurab"]
[Result "1/2-1/2"]
[WhiteElo "2488"]
[BlackElo "2533"]
[Annotator "ChessBase"]
[PlyCount "100"]
[EventDate "2019.01.08"]
[EventType "tourn"]
[EventCountry "ARM"]
[SourceTitle "playchess.com"]
[Source "ChessBase"]
[SourceQuality "1"]
[TimeControl "40/5400+30:1800+30"]

1. Nf3 {[%emt 0:00:00]} c5 {[%emt 0:00:45]} 2. c4 {[%emt 0:00:17]} Nc6 {[%emt 0:00:45]} 3. Nc3 {[%emt 0:00:17]} Nf6 {[%emt 0:00:40]} 4. d4 {[%emt 0:00:30]} cxd4 {[%emt 0:00:25]} 5. Nxd4 {[%emt 0:00:09]} g6 {[%emt 0:03:33]} 6. g3 {[%emt 0:00:48]} d6 {[%emt 0:04:13]} 7. Nxc6 {[%emt 0:03:40]} bxc6 {[%emt 0:00:09]} 8. Bg2 {[%emt 0:00:04]} Bd7 {[%emt 0:01:04]} 9. O-O {[%emt 0:00:23]} Bg7 {[%emt 0:00:18]} 10. e4 {[%emt 0:00:35]} O-O {[%emt 0:02:07]} 11. c5 {[%emt 0:02:25]} dxc5 {[%emt 0:03:51]} 12. Na4 {[%emt 0:27:17]} Qc8 {[%emt 0:04:42]} 13. Nxc5 {[%emt 0:03:13]} Bh3 {[%emt 0:00:09]} 14. Qc2 {[%emt 0:01:50]} Bxg2 {[%emt 0:00:40]} 15. Kxg2 {[%emt 0:00:06]} Nd7 {[%emt 0:00:16]} 16. Be3 {[%emt 0:01:12]} Nxc5 {[%emt 0:20:00]} 17. Bxc5 {[%emt 0:00:18]} Qe6 {[%emt 0:00:04]} 18. Rfd1 {[%emt 0:07:38]} Rab8 {[%emt 0:11:17]} 19. Bd4 {[%emt 0:00:07]} Bxd4 {[%emt 0:00:07]} 20. Rxd4 {[%emt 0:00:05]} Qe5 {[%emt 0:00:04]} 21. Rd2 {[%emt 0:05:22]} Rfd8 {[%emt 0:01:28]} 22. Rad1 {[%emt 0:00:07]} Rxd2 {[%emt 0:01:45]} 23. Rxd2 {[%emt 0:00:06]} Rb4 {[%emt 0:00:17]} 24. Qxc6 {[%emt 0:01:15]} Qxe4+ {[%emt 0:00:21]} 25. Qxe4 {[%emt 0:00:06]} Rxe4 {[%emt 0:00:05]} 26. b3 {[%emt 0:00:55]} a5 {[%emt 0:04:52]} 27. Kf3 {[%emt 0:00:17]} Re5 {[%emt 0:09:06]} 28. Re2 {[%emt 0:04:34]} Rf5+ {[%emt 0:01:08]} 29. Ke4 {[%emt 0:00:48]} Kf8 {[%emt 0:01:55]} 30. f4 {[%emt 0:03:40]} Ke8 {[%emt 0:02:38]} 31. Rd2 {[%emt 0:05:33]} e6 {[%emt 0:03:54]} 32. Rd6 {[%emt 0:00:11]} g5 {[%emt 0:02:35]} 33. fxg5 {[%emt 0:03:43]} Rxg5 {[%emt 0:00:36]} 34. Rb6 {[%emt 0:00:40]} Rf5 {[%emt 0:14:35]} 35. a4 {[%emt 0:01:42]} Kd7 {[%emt 0:00:57]} 36. g4 {[%emt 0:00:17]} Rf2 {[%emt 0:01:10]} 37. Rb5 {[%emt 0:00:26]} Rxh2 {[%emt 0:01:04]} 38. Rxa5 {[%emt 0:00:11]} Rh4 {[%emt 0:02:41]} 39. Ra7+ {[%emt 0:00:10]} Kc6 {[%emt 0:00:41]} 40. Rxf7 {[%emt 0:00:00]} Rxg4+ {[%emt 0:00:00]} 41. Ke5 {[%emt 0:00:58]} Rb4 {[%emt 0:11:27]} 42. Rf3 {[%emt 0:00:07]} Kd7 {[%emt 0:02:06]} 43. Kf6 {[%emt 0:00:11]} Kd6 {[%emt 0:02:51]} 44. Rd3+ {[%emt 0:00:25]} Kc5 {[%emt 0:00:04]} 45. Kxe6 {[%emt 0:00:15]} Rb6+ {[%emt 0:00:59]} 46. Kd7 {[%emt 0:01:31]} h5 {[%emt 0:02:04]} 47. Rc3+ {[%emt 0:05:17]} Kb4 {[%emt 0:00:48]} 48. Rh3 {[%emt 0:00:12]} Rh6 {[%emt 0:00:28]} 49. Ke7 {[%emt 0:00:13]} h4 {[%emt 0:00:34]} 50. Kf7 {[%emt 0:00:24]} Rc6 {[%emt 0:00:25]} 1/2-1/2